1509 1540 1481 1081 1072 1395 1934 1733 1171 1927 1599 1761 1217 1281 1568 1205 1654 1484 1684 1311 1712 1236 1087 1563 1732 1528 1281 1704 1266 1490 1149 1912 1440 1940 1962 1880 1956 1317 1085 1301 1369 1149 1119 1149 1839 1219 1334 1792 1526 1898 1981 1160 1894 1980 1357 1797 1110 1377 1800 1615 1165 1626 1966 1272 1148 1980 1947 1065 1617 1819 1326 1701 1562 1666 1604 2000 1116 1268 1043 1573 1711 1321 1692 1498 1432 1283 1933 1194 1061 1857 1141 1434 1482 1339 1243 1717 1464 1612 1425 BCNSPRNW ULIB Ver.6.0+V

เปลี่ยนเป็นภาษาไทย

Change to English
 แสดงรายละเอียดบรรณานุกรม
  กลับหน้าหลัก

Brief Record : Get Marc (ISO 2709) : E-mail record : QR code < ปิดหน้าต่าง
LEADER : 00000nam 2200000uu 4500
001    13399129002
003     ULIB
008    250502s2567||||th 000 0 tha d
020    ^a9786168012147
060 04 ^aWY85^bค695
245 00 ^aคู่มือส่งเสริมจริยธรรมสำหรับองค์การพยาบาล :^bกลไกและการปฏิบัติ/^cบรรณาธิการ, ทัศนา บุญทอง, อังคณา สริยาภรณ์, สุนทราวดี เธียรพิเชฐ, ชุลีพร เชาวน์เมธากิจ
250    ^aพิมพ์ครั้งที่ 1(ฉบับปรับปรุงครั้งที่ 2)
260    ^aนนทบุรี :^bสภาการพยาบาล,^c2567
300    ^a304 หน้า ;^c21 ซม.
650  4 ^aจรรยาบรรณพยาบาล
650  4 ^aจริยธรรม
700 0  ^aทัศนา บุญทอง,^eบรรณาธิการ
700 0  ^aอังคณา สริยาภรณ์,^eบรรณาธิการ
700 0  ^aสุนทราวดี เธียรพิเชฐ,^eบรรณาธิการ
700 0  ^aชุลีพร เชาวน์เมธากิจ ,^eบรรณาธิการ
710 2  ^aสภาการพยาบาล
945    ^p0^l0^i30421
945    ^p0^l0^i30422
945    ^p0^l0^i30423
945    ^p0^l0^i30424
945    ^p0^l0^i30425
945    ^p0^l0^i30426
945    ^p0^l0^i30427
945    ^p0^l0^i30428
945    ^p0^l0^i30429
945    ^p0^l0^i30430
999    ^aกัณชพร จุลอักษร
รายการนี้ยังไม่มีแท็ก
คุณยังไม่ได้ล็อกอิน คุณสามารถมีกิจกรรมร่วมกับเว็บไซต์ได้ แต่ต้องล็อกอินก่อน ::
  ล็อกอิน

รายการสื่อสารสนเทศ

ลำดับที่ ประเภท เลขเรียก/บาร์โค้ด สถานที่ สถานะ
1. หนังสือสำรอง
หนังสือสำรอง
WY85 ค695 ฉ.1 
  Barcode: 30421
ห้องสมุดวิทยาเขตนครสวรรค์
►หนังสือทั่วไป:l:General Books
บนชั้น
2. วิทยาศาสตร์การแพทย์ และสุขภาพ
วิทยาศาสตร์การแพทย์ และสุขภาพ
WY85 ค695 ฉ.10 
  Barcode: 30430
ห้องสมุดวิทยาเขตนครสวรรค์
►หนังสือทั่วไป:l:General Books
บนชั้น
3. วิทยาศาสตร์การแพทย์ และสุขภาพ
วิทยาศาสตร์การแพทย์ และสุขภาพ
WY85 ค695 ฉ.2 
  Barcode: 30422
ห้องสมุดวิทยาเขตนครสวรรค์
►หนังสือทั่วไป:l:General Books
บนชั้น
4. วิทยาศาสตร์การแพทย์ และสุขภาพ
วิทยาศาสตร์การแพทย์ และสุขภาพ
WY85 ค695 ฉ.3 
  Barcode: 30423
ห้องสมุดวิทยาเขตนครสวรรค์
►หนังสือทั่วไป:l:General Books
บนชั้น
5. วิทยาศาสตร์การแพทย์ และสุขภาพ
วิทยาศาสตร์การแพทย์ และสุขภาพ
WY85 ค695 ฉ.4 
  Barcode: 30424
ห้องสมุดวิทยาเขตนครสวรรค์
►หนังสือทั่วไป:l:General Books
บนชั้น
6. วิทยาศาสตร์การแพทย์ และสุขภาพ
วิทยาศาสตร์การแพทย์ และสุขภาพ
WY85 ค695 ฉ.5 
  Barcode: 30425
ห้องสมุดวิทยาเขตนครสวรรค์
►หนังสือทั่วไป:l:General Books
บนชั้น
7. วิทยาศาสตร์การแพทย์ และสุขภาพ
วิทยาศาสตร์การแพทย์ และสุขภาพ
WY85 ค695 ฉ.6 
  Barcode: 30426
ห้องสมุดวิทยาเขตนครสวรรค์
►หนังสือทั่วไป:l:General Books
บนชั้น
8. วิทยาศาสตร์การแพทย์ และสุขภาพ
วิทยาศาสตร์การแพทย์ และสุขภาพ
WY85 ค695 ฉ.7 
  Barcode: 30427
ห้องสมุดวิทยาเขตนครสวรรค์
►หนังสือทั่วไป:l:General Books
บนชั้น
9. วิทยาศาสตร์การแพทย์ และสุขภาพ
วิทยาศาสตร์การแพทย์ และสุขภาพ
WY85 ค695 ฉ.8 
  Barcode: 30428
ห้องสมุดวิทยาเขตนครสวรรค์
►หนังสือทั่วไป:l:General Books
บนชั้น
10. วิทยาศาสตร์การแพทย์ และสุขภาพ
วิทยาศาสตร์การแพทย์ และสุขภาพ
WY85 ค695 ฉ.9 
  Barcode: 30429
ห้องสมุดวิทยาเขตนครสวรรค์
►หนังสือทั่วไป:l:General Books
บนชั้น

รายการใกล้เคียง
    หัวเรื่อง [จรรยาบรรณพยาบาล]
    หัวเรื่อง [จริยธรรม]

BibComment


ยังไม่เคยถูกคอมเมนท์

คอมเมนท์ทรัพยากรรายการนี้
  คอมเมนท์: คู่มือส่งเสริมจร..


 Copyright 2026. Bcnsprnw @Library